000 00446nam a2200181Ia 4500
001 17096
005 20260306170400.0
008 260306t2002||||xx |||||||||||||| ||und||
041 _aESP
082 _a657.453
_bS66
100 _aSolís Montes, Gustavo Adolfo
_eAUT
245 0 _aReingeniería de la auditoría informática
260 _c2002
300 _a384 páginas :
_c
650 _aGEN
654 _aCCO
942 _cLIB
_dJUS
_fJUS
_2ddc
_n
999 _c17096
_d17096